| 000 | 00434 a2200121 4500 | ||
|---|---|---|---|
| 001 | ART_4723 | ||
| 005 | 20260410161824.0 | ||
| 008 | 260409a | ||
| 245 | 1 | 0 | _aAlgunas consideraciones sobre la formación de titulados en tecnologías emergentes |
| 100 | 1 | _aMartín-Pereda, J. A. | |
| 700 | 1 | _aGonzález Marco, Ana | |
| 773 | 0 |
_tRevista de trabajo _gFormación profesional - Año 1, Nº 1 (mar./abr. 1994) _wREV4713 |
|
| 999 |
_c22606 _d22606 |
||